000 00688nam a2200181Ia 4500
008 151202s9999||||xx |||||||||||||| ||und||
082 _bPNVM-40943
100 _aनेने मु.
245 _aअरुण गोडबोले : माणूस आणि मित्र.
260 _b"आप्पासाहेब निगडीकर,सातारा."
260 _c0
300 _a389
600 _aनेने मु.
630 _aअरुण गोडबोले : माणूस आणि मित्र.
700 _aनेने मु.
730 _aअरुण गोडबोले : माणूस आणि मित्र.
942 _cBOOK
999 _c1306895
_d1306892